000 00722nam a2200253 i 4500
003 DO-SdBNP
005 20260302124940.0
007 ta
008 260302b2025 dr ||||| |||| 00| 0 spa d
020 _a9789945293234
040 _aDO-SdBNP
_bspa
_cBNPHU
_erda
041 _aspa
082 4 _axxx
_bxxx
_222
100 _aSantos, J.P.L.,
_eautor
_4aut.
_989104
245 1 0 _aTiamy la radicalista :
_bepisodio 1 /
_cJ.P.L. Santos
264 1 _aSanto Domingo :
_bEditora Búho,
_c2025.
300 _a112 páginas ;
_c22 cm.
336 _atexto
_btxt
_2rdacontent
337 _asin mediación
_bn
_2rdamedia
338 _avolumen
_bnc
_2rdacarrier
590 _aInventariado, 2026/BT
910 _aBtavárez
942 _2ddc
_cLBS1
999 _c60402
_d60402